000 01439nam a2200349Ia 4500
001 ebr10593717
003 CaPaEBR
006 m u
007 cr cn|||||||||
008 080117r20082006ilu sb 001 0 eng d
020 _z9780252075360 (pbk.)
020 _z9780252092558
020 _z0252075366 (pbk.)
040 _aCaPaEBR
_cCaPaEBR
035 _a(OCoLC)811409244
050 1 4 _aP95.82.U6
_bS737 2008eb
082 0 4 _a302.230973
_222
100 1 _aStein, Laura Lynn,
_d1965-
245 1 0 _aSpeech rights in America
_h[electronic resource] :
_bthe First Amendment, democracy, and the media /
_cLaura Stein.
260 _aUrbana, Ill. :
_bUniversity of Illinois Press ;
_aChesham :
_bCombined Academic [distributor],
_c2008.
300 _ax, 166 p.
490 1 _aThe history of communication
500 _aOriginally published: 2006.
504 _aIncludes bibliographical references and index.
533 _aElectronic reproduction.
_bPalo Alto, Calif. :
_cebrary,
_d2011.
_nAvailable via World Wide Web.
_nAccess may be limited to ebrary affiliated libraries.
650 0 _aMass media
_xPolitical aspects
_zUnited States.
650 0 _aFreedom of speech
_zUnited States.
655 7 _aElectronic books.
_2local
710 2 _aebrary, Inc.
830 0 _aHistory of communication.
856 4 0 _uhttp://site.ebrary.com/lib/rucke/Doc?id=10593717
_zAn electronic book accessible through the World Wide Web; click to view
999 _c216531
_d216531